Animal Crossing - les Villageois Éléphants [avec image] - Statistiques

Statistiques générales
  • Ce quiz a été pris 12 fois
  • Le résultat moyen est 8 sur 13
Statistiques - réponses
Par images Réponse % Correct
Maguy
80%
Pachy
80%
Axel
70%
Chaï
70%
Ella
70%
Éloïse
70%
Opaline
70%
Punk
70%
Fanny
60%
Miles
50%
Paolo
50%
Barry
40%
Fanfan
20%
Aucun quiz correspondant
Distribution des résultats
% des personnes avec chaque résultat
Percentile par nombre de réponses
Votre historique - résultats
Vous n’avez pas pris ce quiz